00438nam a2200169Ia 450000500170000000800410001702000240005804000190008204100120010108200110011310000210012424500450014526000330019030000120022365000230023585000100025820230918090020.0131103s9999 xx 000 0 und d a752877526cGBP 2.99 aLoreto College aEnglish aFbMEY aMeynell,Laurence aDeath of a philanderercLaurence Meynell aLondonbThe Crime Clubc1968 a223 p.  aFiction in English aLCLIB